Integrácia etiky do podnikovej kultúry diplomová práca

Gespeichert in:
Bibliographische Detailangaben
1. Verfasser: Škapurová, Veronika
Körperschaft: Podnikovohospodárska fakulta EU so sídlom v Košiciach. Katedra manažmentu
Weitere Verfasser: Szaryszová, Petra, 1984-
Format: Buch
Sprache:Slowakisch
Veröffentlicht: Košice 2019
Tags: Tag hinzufügen
Keine Tags, Fügen Sie das erste Tag hinzu!

MARC

LEADER 00000nbm a2200000 4500
001 0254764
005 20190913135653.6
041 0 |a slo 
044 |a SK 
245 1 0 |a Integrácia etiky do podnikovej kultúry  |b diplomová práca  |c Veronika Škapurová ; školiteľ: Petra Szaryszová 
264 1 |a Košice  |c 2019 
300 |a 75 s. 
100 1 |a Škapurová, Veronika 
700 1 |a Szaryszová, Petra, 1984- 
710 2 |a Podnikovohospodárska fakulta EU so sídlom v Košiciach. Katedra manažmentu